[Event "Titled Tuesday intern op 04th Jan"]
[Site "Chess.com INT"]
[Date "2022.01.04"]
[Round "8"]
[White "Boruchovsky, Avital"]
[Black "Saveljev, Vladislav"]
[Result "1/2-1/2"]
[WhiteElo "2541"]
[BlackElo "2351"]
[PlyCount "197"]
[EventDate "2022.01.04"]
[EventType "swiss (blitz)"]
[EventRounds "11"]
[EventCountry "USA"]
[SourceTitle "EXT 2023"]
[Source "ChessBase"]
[SourceDate "2022.10.05"]
[SourceVersion "1"]
[SourceVersionDate "2022.10.05"]
[SourceQuality "1"]

1. c4 g6 2. Nc3 Bg7 3. d4 d6 4. e4 Nf6 5. Be2 0-0 6. h4 e5 7. d5 Na6 8. h5 Nc5 9. h6 Bh8 10. Bg5 Qe8 11. Bxf6 Bxf6 12. Bg4 Bxg4 13. Qxg4 Nd3+ 14. Kf1 Nxb2 15. Nge2 Nxc4 16. Ng3 Kh8 17. Kg1 c5 18. Rh3 b5 19. Qe2 a6 20. a4 Rb8 21. axb5 axb5 22. Ra7 Bg5 23. Nf1 Nb2 24. Qxb2 b4 25. Nd1 Ra8 26. Qa2 Qb8 27. Rxa8 Qxa8 28. Qb3 Rb8 29. Nb2 Qa1 30. Nc4 Qa6 31. Nfd2 Kg8 32. Nf3 Qa1+ 33. Kh2 Be7 34. Rg3 Ra8 35. Nfd2 Qe1 36. Qb1 Qxf2 37. Qf1 Qxf1 38. Nxf1 Ra2 39. Nfd2 f6 40. Kh3 Kf7 41. Kg4 Ke8 42. Rb3 Kd7 43. Rb2 Ra1 44. Nb3 Ra6 45. Kf3 Bd8 46. g4 Bc7 47. Ke2 Ra4 48. Kd3 Ra8 49. Kc2 Rf8 50. Ra2 Kc8 51. Ra8+ Bb8 52. Nxd6+ Kc7 53. Nc4 Kb7 54. Ra5 Rc8 55. Nxc5+ Kc7 56. d6+ Kd8 57. Kb3 Bxd6 58. Nxd6 Rc6 59. Ra8+ Ke7 60. Nc8+ Kf7 61. Kxb4 f5 62. Ra7+ Ke8 63. gxf5 gxf5 64. exf5 Rxh6 65. Rxh7 Rxh7 66. Nd6+ Kf8 67. Nce4 Rh5 68. Kc5 Rxf5 69. Nxf5 Ke8 70. Kd6 Kf7 71. Ne3 Kg6 72. Ke6 Kh5 73. Kf5 Kh4 74. Ng4 Kh5 75. Ng3+ Kh4 76. Ne4 Kh3 77. Kg5 Kg2 78. Kh4 Kf3 79. Ngf6 Kf4 80. Kh5 Kf5 81. Kh6 Kf4 82. Kg6 Ke3 83. Kf5 Kd4 84. Ng4 Kd5 85. Ne3+ Kd4 86. Ng4 Kd5 87. Nef6+ Kd4 88. Nh5 Kd5 89. Ng3 Kd4 90. Ne2+ Kd5 91. Kg5 Ke4 92. Kh4 Kf3 93. Nc3 Kf4 94. Nd5+ Ke4 95. Nde3 Kf4 96. Kh3 Ke4 97. Kg3 Kd4 98. Kf3 Kd3 99. Nxe5+ 1/2-1/2

[Event "Titled Tuesday intern op 04th Jan"]
[Site "Chess.com INT"]
[Date "2022.01.04"]
[Round "3"]
[White "Pourkashiyan, Atousa"]
[Black "Saveljev, Vladislav"]
[Result "0-1"]
[WhiteElo "2322"]
[BlackElo "2351"]
[PlyCount "80"]
[EventDate "2022.01.04"]
[EventType "swiss (blitz)"]
[EventRounds "11"]
[EventCountry "USA"]
[SourceTitle "EXT 2023"]
[Source "ChessBase"]
[SourceDate "2022.10.05"]
[SourceVersion "1"]
[SourceVersionDate "2022.10.05"]
[SourceQuality "1"]

1. e4 g6 2. Nf3 Bg7 3. d4 d6 4. Nc3 Nf6 5. Bc4 0-0 6. 0-0 Nxe4 7. Nxe4 d5 8. Bd3 dxe4 9. Bxe4 Nd7 10. h3 c5 11. Bd3 cxd4 12. Re1 e5 13. Bg5 f6 14. Bd2 Re8 15. c3 dxc3 16. Bc4+ Kh8 17. Bxc3 Nb6 18. Bf7 Rf8 19. Qxd8 Rxd8 20. Bb4 Bf5 21. h4 Nd5 22. Ba3 Rd7 23. Bxd5 Rxd5 24. Rac1 Rad8 25. Rc7 R5d7 26. Rec1 h5 27. Rxd7 Rxd7 28. Rc8+ Kh7 29. Re8 Bh6 30. Bf8 Bf4 31. g3 Bc1 32. b3 Be4 33. Rc8 Bh6 34. Bxh6 Bxf3 35. g4 Kxh6 36. Rf8 hxg4 37. Rxf6 Kh5 38. Rf8 Rd1+ 39. Kh2 Rh1+ 40. Kg3 Rh3# 0-1

[Event "Titled Tuesday intern op 04th Jan"]
[Site "Chess.com INT"]
[Date "2022.01.04"]
[Round "1"]
[White "Saveljev, Vladislav"]
[Black "Avazkhonov, Alikhon"]
[Result "1-0"]
[WhiteElo "2351"]
[BlackElo "1538"]
[PlyCount "83"]
[EventDate "2022.01.04"]
[EventType "swiss (blitz)"]
[EventRounds "11"]
[EventCountry "USA"]
[SourceTitle "EXT 2023"]
[Source "ChessBase"]
[SourceDate "2022.10.05"]
[SourceVersion "1"]
[SourceVersionDate "2022.10.05"]
[SourceQuality "1"]

1. e4 c5 2. Nf3 d6 3. c3 Nf6 4. h3 g6 5. Bd3 Bg7 6. 0-0 0-0 7. Re1 e5 8. Bf1 Nc6 9. Na3 a6 10. Nc2 b5 11. a4 Rb8 12. axb5 axb5 13. d4 Nd7 14. Bg5 f6 15. Be3 Kh8 16. Qd2 f5 17. exf5 gxf5 18. Bh6 f4 19. Bxg7+ Kxg7 20. dxe5 Ndxe5 21. Nxe5 dxe5 22. Qxd8 Rxd8 23. Na3 b4 24. Nc4 bxc3 25. bxc3 Kf6 26. Be2 Be6 27. Na5 Nxa5 28. Rxa5 Rdc8 29. Bf3 Rb3 30. Ra6 Rxc3 31. Rd1 Ke7 32. Rxe6+ Kxe6 33. Bg4+ Kf6 34. Bxc8 c4 35. Bb7 Rb3 36. Be4 c3 37. Rd6+ Ke7 38. Rc6 Kd7 39. Rc4 Ra3 40. Bxh7 Ra1+ 41. Kh2 Ra3 42. Be4 1-0

[Event "Titled Tuesday intern op 04th Jan"]
[Site "Chess.com INT"]
[Date "2022.01.04"]
[Round "7"]
[White "Yaran, Siar"]
[Black "Saveljev, Vladislav"]
[Result "0-1"]
[WhiteElo "2272"]
[BlackElo "2351"]
[PlyCount "82"]
[EventDate "2022.01.04"]
[EventType "swiss (blitz)"]
[EventRounds "11"]
[EventCountry "USA"]
[SourceTitle "EXT 2023"]
[Source "ChessBase"]
[SourceDate "2022.10.05"]
[SourceVersion "1"]
[SourceVersionDate "2022.10.05"]
[SourceQuality "1"]

1. e4 e5 2. Nf3 Nc6 3. Bc4 Nf6 4. d3 h6 5. c3 d6 6. a4 g6 7. 0-0 Bg7 8. Re1 0-0 9. Na3 Nh7 10. h3 Ng5 11. Nxg5 hxg5 12. Re3 Kh7 13. Rg3 Bh6 14. Qd2 f5 15. Rxg5 f4 16. Rg4 Bxg4 17. hxg4 Qh4 18. f3 Bg5 19. Qf2 Qh6 20. Kf1 Kg7 21. Ke2 a6 22. Bd2 Rh8 23. Ba2 Bh4 24. Qg1 Qg5 25. Kd1 Qf6 26. Kc2 Bg3 27. Rd1 Rh2 28. Kb1 Rah8 29. Nc2 R8h4 30. d4 Qf8 31. Na3 Qh8 32. Qf1 Rh1 33. Qc4 Rxd1+ 34. Kc2 Rhh1 35. Qf7+ Kh6 36. Nc4 Rxd2+ 37. Nxd2 exd4 38. Qxc7 dxc3 39. bxc3 Qe5 40. Qxb7 Qc5 41. Bg8 Kg5 0-1

[Event "RUS-ch blitz"]
[Site "Sochi"]
[Date "2016.10.04"]
[Round "6.12"]
[White "Saveljev, Vladislav"]
[Black "Artemiev, Vladislav"]
[Result "1-0"]
[WhiteElo "2360"]
[BlackElo "2663"]
[PlyCount "127"]
[EventDate "2016.10.04"]
[EventType "swiss (blitz)"]
[EventRounds "22"]
[EventCountry "RUS"]
[SourceTitle "EXT 2017"]
[Source "ChessBase"]
[SourceDate "2016.10.25"]
[SourceVersion "1"]
[SourceVersionDate "2016.10.25"]
[SourceQuality "1"]

1. Nf3 d5 2. g3 Nf6 3. Bg2 Bg4 4. c4 c6 5. Ne5 Be6 6. cxd5 Bxd5 7. Nf3 g6 8. Nc3 Be6 9. 0-0 Bg7 10. d4 0-0 11. e4 Nbd7 12. h3 Bc4 13. Re1 Ne8 14. Bg5 h6 15. Be3 Kh7 16. Qc2 Nd6 17. Rad1 Qa5 18. Nd2 Ba6 19. Nb3 Qd8 20. h4 h5 21. Bg5 Nb5 22. e5 Nxc3 23. bxc3 Bc4 24. Nd2 Be6 25. c4 Qe8 26. Qc1 Bf5 27. Qa3 e6 28. Ne4 Bxe4 29. Bxe4 Bh6 30. Be7 Rg8 31. Bd6 Bf8 32. Qf3 Kg7 33. d5 cxd5 34. cxd5 Bxd6 35. exd6 e5 36. Rc1 f5 37. Bb1 Qf8 38. Qa3 Qf6 39. Rc7 Rgd8 40. Bc2 Kh8 41. Ba4 Nb6 42. d7 Qf8 43. d6 Nxa4 44. Qxa4 Qxd6 45. Rxb7 Rab8 46. Rxb8 Qxb8 47. Rd1 Kg7 48. Qa5 Kf7 49. Rd5 e4 50. Rd1 Qb6 51. Qe5 Qe6 52. Qc7 Qb6 53. Qc4+ Qe6 54. Qa4 a6 55. Kh2 e3 56. fxe3 Qxe3 57. Qc4+ Qe6 58. Rd5 Kg7 59. Qd4+ Kf7 60. Qd2 Kg7 61. Rd6 Qe7 62. Qd4+ Kf7 63. Kh3 Qe2 64. Qf6+ 1-0

[Event "RUS-ch 56th"]
[Site "Krasnoyarsk"]
[Date "2003.09.09"]
[Round "6"]
[White "Ovetchkin, Roman"]
[Black "Saveljev, Vladislav"]
[Result "1-0"]
[WhiteElo "2519"]
[BlackElo "2333"]
[PlyCount "78"]
[EventDate "2003.09.03"]
[EventType "swiss"]
[EventRounds "9"]
[EventCountry "RUS"]
[SourceTitle "CBM 098"]
[Source "ChessBase"]
[SourceDate "2004.02.03"]
[SourceVersion "1"]
[SourceVersionDate "2004.02.03"]
[SourceQuality "1"]

1. e4 c5 2. Nf3 Nc6 3. Bb5 g6 4. Bxc6 dxc6 5. d3 Bg7 6. h3 e5 7. Be3 Qe7 8. Qd2 Nf6 9. Nc3 Nd7 10. 0-0 Nf8 11. Bh6 f6 12. Bxg7 Qxg7 13. Ne2 g5 14. Ng3 Ng6 15. Nh5 Qe7 16. Rfb1 g4 17. Nh2 gxh3 18. g3 0-0 19. g4 Kh8 20. Kh1 Rg8 21. Rg1 Nf8 22. f4 Ne6 23. Raf1 Bd7 24. g5 fxg5 25. f5 Be8 26. fxe6 Bxh5 27. Rf5 Qxe6 28. Qc3 Rae8 29. Qxc5 g4 30. Qf2 Bg6 31. Rf6 Qe7 32. Nxg4 Ref8 33. Rxf8 Rxf8 34. Qg3 Rf4 35. Ne3 b5 36. b4 Qf6 37. Nf5 Qf8 38. Nh4 Qf6 39. Nf5 Qf8 1-0

[Event "RUS-ch 56th"]
[Site "Krasnoyarsk"]
[Date "2003.09.03"]
[Round "1"]
[White "Grigoriants, Sergey"]
[Black "Saveljev, Vladislav"]
[Result "1-0"]
[WhiteElo "2499"]
[BlackElo "2333"]
[PlyCount "51"]
[EventDate "2003.09.03"]
[EventType "swiss"]
[EventRounds "9"]
[EventCountry "RUS"]
[SourceTitle "CBM 098"]
[Source "ChessBase"]
[SourceDate "2004.02.03"]
[SourceVersion "1"]
[SourceVersionDate "2004.02.03"]
[SourceQuality "1"]

1. e4 c5 2. Nf3 Nc6 3. Nc3 e6 4. d4 cxd4 5. Nxd4 d6 6. Be3 Nf6 7. Bc4 Be7 8. Bb3 a6 9. Qe2 Na5 10. g4 Nxb3 11. axb3 h5 12. g5 Ng4 13. f4 e5 14. Nf5 Bxf5 15. exf5 Nxe3 16. Qxe3 exf4 17. Qf3 Bxg5 18. 0-0-0 0-0 19. Rhg1 Bf6 20. Ne4 Be5 21. f6 g6 22. Qxh5 Bxf6 23. Rxd6 Bg7 24. Rxd8 gxh5 25. Nf6+ Kh8 26. Rd5 1-0

[Event "Chigorin Memorial-B 10th"]
[Site "St Petersburg"]
[Date "2002.11.02"]
[Round "8"]
[White "Saveljev, Vladislav"]
[Black "Nazarov, Nikolai"]
[Result "1-0"]
[WhiteElo "2295"]
[BlackElo "2219"]
[PlyCount "93"]
[EventDate "2002.10.25"]
[EventType "swiss"]
[EventRounds "9"]
[EventCountry "RUS"]
[SourceTitle "EXT 2003"]
[Source "ChessBase"]
[SourceDate "2002.11.25"]
[SourceVersion "1"]
[SourceVersionDate "2002.11.25"]
[SourceQuality "1"]

1. e4 c5 2. Nf3 d6 3. Bb5+ Nd7 4. c3 Ngf6 5. Qe2 Qa5 6. 0-0 a6 7. Bd3 g6 8. Bc2 e5 9. d4 Bg7 10. dxe5 dxe5 11. Bg5 0-0 12. Nbd2 Qc7 13. a4 h6 14. Bxf6 Nxf6 15. Nc4 Nh5 16. g3 b6 17. Rfd1 Be6 18. Ne3 Nf6 19. Bd3 Rfd8 20. Bc4 Bd7 21. Nd5 Nxd5 22. Bxd5 Ra7 23. Nh4 Be8 24. Bb3 Kh7 25. Rxd8 Qxd8 26. Bc4 Bc6 27. Rd1 Rd7 28. Rxd7 Qxd7 29. Bxa6 Bxa4 30. Bc4 Bf6 31. Ng2 Bg5 32. Bd5 Bb5 33. Qf3 Kg7 34. h4 Bd8 35. Ne3 Ba6 36. Ng4 f6 37. h5 Qb5 38. c4 Qxb2 39. Ne3 Qc1+ 40. Kg2 Bc8 41. hxg6 Kxg6 42. Qe2 h5 43. Qa2 Qe1 44. Qa7 Bh3+ 45. Kh2 Kh6 46. Qf7 h4 47. Qf8+ 1-0

[Event "Chigorin Memorial-B 10th"]
[Site "St Petersburg"]
[Date "2002.10.29"]
[Round "5"]
[White "Franchini, Gabriele"]
[Black "Saveljev, Vladislav"]
[Result "0-1"]
[WhiteElo "2145"]
[BlackElo "2295"]
[PlyCount "68"]
[EventDate "2002.10.25"]
[EventType "swiss"]
[EventRounds "9"]
[EventCountry "RUS"]
[SourceTitle "EXT 2003"]
[Source "ChessBase"]
[SourceDate "2002.11.25"]
[SourceVersion "1"]
[SourceVersionDate "2002.11.25"]
[SourceQuality "1"]

1. d4 d5 2. c4 dxc4 3. Nf3 Nf6 4. e3 Bg4 5. Bxc4 e6 6. h3 Bh5 7. Nc3 a6 8. g4 Bg6 9. Ne5 Nbd7 10. Nxg6 hxg6 11. Qf3 b5 12. Bf1 c5 13. Bg2 Rb8 14. 0-0 cxd4 15. exd4 Bd6 16. Bf4 Bxf4 17. Qxf4 0-0 18. d5 b4 19. Ne2 Nxd5 20. Bxd5 exd5 21. Qd6 Nb6 22. Qxb4 Nc4 23. Qc5 Rb5 24. Qc6 Rb6 25. Qc5 Rxb2 26. Nc3 Nd2 27. Rfd1 Qh4 28. Kg2 Qf6 29. Kg1 Nf3+ 30. Kf1 Ng5 31. Rd3 Ne4 32. Nxe4 dxe4 33. Rc3 Rxf2+ 34. Qxf2 Qxc3 0-1

[Event "Chigorin Memorial-B 10th"]
[Site "St Petersburg"]
[Date "2002.10.27"]
[Round "3"]
[White "Kuzubov, Yuriy"]
[Black "Saveljev, Vladislav"]
[Result "1-0"]
[WhiteElo "2186"]
[BlackElo "2295"]
[PlyCount "169"]
[EventDate "2002.10.25"]
[EventType "swiss"]
[EventRounds "9"]
[EventCountry "RUS"]
[SourceTitle "EXT 2003"]
[Source "ChessBase"]
[SourceDate "2002.11.25"]
[SourceVersion "1"]
[SourceVersionDate "2002.11.25"]
[SourceQuality "1"]

1. d4 d5 2. c4 e6 3. Nc3 c5 4. e3 Nc6 5. Nf3 Nf6 6. a3 Bd6 7. dxc5 Bxc5 8. b4 Bd6 9. cxd5 exd5 10. Be2 0-0 11. 0-0 Re8 12. Bb2 a6 13. Rc1 Bg4 14. Nd4 Ne5 15. Nxd5 Bxe2 16. Nxf6+ Qxf6 17. Qxe2 Qg6 18. Rfd1 b5 19. Qc2 Nc4 20. a4 Qh5 21. g3 Bxb4 22. axb5 axb5 23. Ba1 Bf8 24. Qb3 Nd6 25. Rb1 Re5 26. Kg2 Ne4 27. Qc2 Rae8 28. Qe2 b4 29. Qxh5 Rxh5 30. f3 Nc3 31. Bxc3 bxc3 32. Rd3 Rc8 33. Rc1 Bb4 34. Rc2 Ra5 35. Rd1 Rd5 36. Rb1 Ba5 37. Kf2 g6 38. Ke2 Rc7 39. Kd3 Kg7 40. Rb5 Rxb5 41. Nxb5 Rd7+ 42. Nd4 Rc7 43. g4 Rb7 44. Ra2 Bd8 45. Kxc3 Rb1 46. Kd3 Rf1 47. Ke4 Bb6 48. Rb2 Bc5 49. Rb5 Bd6 50. h4 Be7 51. h5 Rh1 52. Rb7 Kf8 53. f4 Bc5 54. Nb3 Be7 55. Rb5 Rh4 56. Kf3 Rh3+ 57. Kf2 Rh2+ 58. Kg3 Rh1 59. Nd4 Bf6 60. Rb8+ Ke7 61. Nf3 gxh5 62. g5 Bc3 63. f5 Ra1 64. Rb7+ Ke8 65. Rb3 Rc1 66. Rb8+ Kd7 67. Rb7+ Ke8 68. e4 Be1+ 69. Kf4 h4 70. f6 Bg3+ 71. Kg4 Rc4 72. Re7+ Kf8 73. Nxh4 Bxh4 74. Kxh4 Rc1 75. Kg4 Rf1 76. Ra7 Ke8 77. Rb7 Rf2 78. Rb8+ Kd7 79. Rf8 Ke6 80. Re8+ Kd6 81. Re7 h6 82. gxh6 Rxf6 83. e5+ Kxe7 84. exf6+ Kxf6 85. Kh5 1-0

[Event "RUS-Cup03"]
[Site "Tomsk"]
[Date "2002.07.11"]
[Round "4"]
[White "Saveljev, Vladislav"]
[Black "Frolyanov, Dmitry"]
[Result "1/2-1/2"]
[WhiteElo "2265"]
[BlackElo "2448"]
[PlyCount "92"]
[EventDate "2002.07.08"]
[EventType "swiss"]
[EventRounds "9"]
[EventCountry "RUS"]
[SourceTitle "CBM 089 Extra"]
[Source "ChessBase"]
[SourceDate "2002.09.10"]
[SourceVersion "2"]
[SourceVersionDate "2002.09.10"]
[SourceQuality "1"]

1. e4 c5 2. Nf3 Nc6 3. c3 d5 4. exd5 Qxd5 5. d4 e6 6. Be2 cxd4 7. cxd4 Nf6 8. 0-0 Be7 9. Nc3 Qd6 10. Nb5 Qd8 11. Bf4 Nd5 12. Bg3 a6 13. Nc3 0-0 14. Ne5 Nxe5 15. Bxe5 Nxc3 16. bxc3 Bd7 17. Bf3 Bb5 18. Re1 Qd7 19. Be4 f5 20. Bc2 Bc4 21. Re3 Bf6 22. Bb3 Rac8 23. Qd2 b5 24. Rae1 Bg5 25. f4 Bh4 26. g3 Bd8 27. g4 Bh4 28. Rb1 fxg4 29. Qd1 h5 30. h3 Bf6 31. Bxc4 Rxc4 32. hxg4 Bxe5 33. fxe5 Qc6 34. gxh5 Rf5 35. Qg4 Rxc3 36. h6 Rc1+ 37. Re1 Rxe1+ 38. Rxe1 Rf7 39. Kh2 Qc2+ 40. Re2 Qc1 41. Qxe6 Qf4+ 42. Kh3 Qf3+ 43. Kh4 Qh1+ 44. Kg3 Qf3+ 45. Kh4 Qh1+ 46. Kg3 Qf3+ 1/2-1/2

[Event "RUS-Cup03"]
[Site "Tomsk"]
[Date "2002.07.10"]
[Round "3"]
[White "Saveljev, Vladislav"]
[Black "Ovetchkin, Roman"]
[Result "1/2-1/2"]
[WhiteElo "2265"]
[BlackElo "2557"]
[PlyCount "115"]
[EventDate "2002.07.08"]
[EventType "swiss"]
[EventRounds "9"]
[EventCountry "RUS"]
[SourceTitle "CBM 089 Extra"]
[Source "ChessBase"]
[SourceDate "2002.09.10"]
[SourceVersion "2"]
[SourceVersionDate "2002.09.10"]
[SourceQuality "1"]

1. e4 c5 2. Nf3 Nc6 3. Bb5 g6 4. 0-0 Bg7 5. c3 Nf6 6. e5 Nd5 7. d4 cxd4 8. cxd4 0-0 9. Nc3 Nc7 10. Bf4 d5 11. exd6 exd6 12. h3 Ne6 13. Be3 d5 14. Qd2 Ne7 15. Bh6 Bxh6 16. Qxh6 Nf5 17. Qd2 Bd7 18. Bxd7 Qxd7 19. Rfe1 Qd6 20. g4 Ne7 21. Re5 f6 22. Re3 Nc6 23. Rae1 Rae8 24. Qd1 a6 25. Kh1 Na5 26. b3 Nc6 27. Na4 Kf7 28. Qd2 Qb4 29. Qxb4 Nxb4 30. R1e2 Nf4 31. Rxe8 Rxe8 32. Rxe8 Kxe8 33. a3 Nc2 34. Nc5 Nxh3 35. Kg2 Nf4+ 36. Kf1 b6 37. Nxa6 Nxa3 38. Ke1 Nd3+ 39. Ke2 Nc1+ 40. Ke3 Nxb3 41. Nc7+ Kf7 42. Nxd5 b5 43. g5 Nc2+ 44. Kd3 Ncxd4 45. Nxd4 Nxd4 46. Nxf6 Ne6 47. Nxh7 Kg7 48. Nf6 Nxg5 49. Ng4 Ne6 50. Kc3 g5 51. Kb4 Nc7 52. f3 Kg6 53. Nf2 Kf5 54. Nh3 Kg6 55. Nf2 Ne6 56. Ne4 Nd4 57. Kc5 Nxf3 58. Nxg5 1/2-1/2

[Event "RUS-ch sf"]
[Site "Novosibirsk"]
[Date "2002.??.??"]
[Round "5"]
[White "Obukhov, Alexander"]
[Black "Saveljev, Vladislav"]
[Result "1-0"]
[WhiteElo "2485"]
[BlackElo "2296"]
[PlyCount "69"]
[EventDate "2002.??.??"]
[EventType "swiss"]
[EventRounds "9"]
[EventCountry "RUS"]
[SourceTitle "EXT 2007"]
[Source "ChessBase"]
[SourceDate "2006.11.23"]
[SourceVersion "1"]
[SourceVersionDate "2006.11.23"]
[SourceQuality "1"]

1. Nf3 Nf6 2. g3 g6 3. Bg2 Bg7 4. 0-0 0-0 5. d4 d6 6. Re1 c5 7. c3 Nc6 8. dxc5 dxc5 9. Qxd8 Rxd8 10. Be3 c4 11. Na3 Nd5 12. Nxc4 b5 13. Ncd2 Nxe3 14. fxe3 Be6 15. Nf1 Rab8 16. Red1 Bd7 17. Rd5 Be8 18. Rad1 Rxd5 19. Rxd5 e6 20. Rd3 Kf8 21. Kf2 Ke7 22. e4 Na5 23. b3 Nb7 24. b4 Nd6 25. N1d2 Rc8 26. e5 Nc4 27. Ne4 Nb2 28. Rd6 Bc6 29. Nd4 Nd1+ 30. Ke1 Bxe4 31. Bxe4 Nxc3 32. Nc6+ Kf8 33. Bd3 Nxa2 34. Bxb5 Bxe5 35. Rd3 1-0

[Event "RUS-Cup06"]
[Site "Tomsk"]
[Date "2001.07.02"]
[Round "3"]
[White "Saveljev, Vladislav"]
[Black "Malchikov, Anton"]
[Result "1-0"]
[WhiteElo "2324"]
[BlackElo "2172"]
[PlyCount "77"]
[EventDate "2001.06.30"]
[EventType "swiss"]
[EventRounds "9"]
[EventCountry "RUS"]
[SourceTitle "CBM 083 Extra"]
[Source "ChessBase"]
[SourceDate "2001.09.11"]
[SourceVersion "1"]
[SourceVersionDate "2001.09.11"]
[SourceQuality "1"]

1. e4 d5 2. exd5 Nf6 3. d4 Nxd5 4. Nf3 g6 5. c4 Nb6 6. c5 Nd5 7. Bc4 Bg7 8. Qb3 e6 9. Nc3 0-0 10. Nxd5 exd5 11. Bxd5 c6 12. Bc4 Bg4 13. Ne5 Qxd4 14. Nxf7 Qe4+ 15. Kf1 Be2+ 16. Bxe2 Rxf7 17. Bc4 Qf5 18. Bxf7+ Qxf7 19. Qxf7+ Kxf7 20. Be3 Nd7 21. Rd1 Ne5 22. b3 Re8 23. h3 Re7 24. Ke2 Nd7 25. Kf3 Nf6 26. Bg5 h6 27. Bxf6 Bxf6 28. Rhe1 Rxe1 29. Rxe1 Be7 30. b4 b6 31. cxb6 axb6 32. Rc1 c5 33. bxc5 Bxc5 34. Rxc5 bxc5 35. Ke4 Ke6 36. f4 Kd6 37. g4 Ke6 38. a4 Kd6 39. f5 1-0

[Event "RUS-Cup06"]
[Site "Tomsk"]
[Date "2001.07.01"]
[Round "2"]
[White "Vlassov, Nikolai"]
[Black "Saveljev, Vladislav"]
[Result "1-0"]
[WhiteElo "2467"]
[BlackElo "2324"]
[PlyCount "69"]
[EventDate "2001.06.30"]
[EventType "swiss"]
[EventRounds "9"]
[EventCountry "RUS"]
[SourceTitle "CBM 083 Extra"]
[Source "ChessBase"]
[SourceDate "2001.09.11"]
[SourceVersion "1"]
[SourceVersionDate "2001.09.11"]
[SourceQuality "1"]

1. e4 d6 2. d4 Nf6 3. Nc3 g6 4. h4 Bg7 5. h5 Nxh5 6. g4 Nf6 7. g5 Nfd7 8. f4 Nb6 9. a4 a5 10. d5 e5 11. dxe6 Bxe6 12. Bd3 d5 13. f5 dxe4 14. Bb5+ Bd7 15. f6 Bf8 16. Qe2 c6 17. Nxe4 Be6 18. Bd3 Nd5 19. Nf3 Qb6 20. c4 Nb4 21. Be3 c5 22. 0-0-0 Nd7 23. Nc3 Bd6 24. Nb5 Bc7 25. Be4 0-0-0 26. Rd2 Ne5 27. Rxd8+ Rxd8 28. Nxe5 Bxe5 29. Rxh7 Nc6 30. Bd5 Bxd5 31. cxd5 Rxd5 32. Rxf7 Nb4 33. Rf8+ Rd8 34. Qg4+ Kb8 35. Qe6 1-0